| 000 | 01534nam a2200373 i 4500 | ||
|---|---|---|---|
| 001 | 13703 | ||
| 003 | KOSZ 005 | ||
| 005 | 20200417142942.0 | ||
| 008 | 071011s1970 pl a f f 000 0 pol | ||
| 015 | _aPB 1970/11415 | ||
| 040 |
_aWA N _cWA N _dKOSZ 005/RW |
||
| 080 | _a69(438) | ||
| 080 | _a351.82(438) | ||
| 100 | 1 |
_aCzerny, Jan. _eAutor |
|
| 245 | 1 | 0 |
_aMateriały szkoleniowe : _bzbiór przepisów i norm wymaganych do egzaminów dla uzyskania stwierdzenia kwalifikacji majstra w budownictwie powszechnym. _nT. 2, _pNormy dla grup robót stanu surowego / _c[materiały zebrali i oprac. Jan Czerny, Edward Radziszewski]. |
| 246 | 3 | 0 | _aNormy dla grup robót stanu surowego. |
| 250 | _aWydanie 2 wg stanu prawnego na dzień 31 III 1968. | ||
| 260 |
_aWarszawa : _bCentralny Ośrodek Informacji Budownictwa, _c1970. |
||
| 300 |
_a627 stron : _bilustracje, errata ; _c24 cm. |
||
| 336 |
_aTekst _btxt _2rdacontent |
||
| 337 |
_aBez urządzenia pośredniczacego _bn _2rdamedia |
||
| 338 |
_aWolumin _bnc _2rdacarrier |
||
| 380 | _aKsiążki. | ||
| 658 | _aArchitektura i budownictwo | ||
| 658 | _aPrawo i wymiar sprawiedliwości | ||
| 650 | 4 | _aBudownictwo | |
| 651 | _aPolska | ||
| 650 | 4 | _aPrawo | |
| 655 | 4 | _aPodręcznik | |
| 700 | 1 |
_aRadziszewski, Edward _d(1923- ) _eAutor |
|
| 710 | 2 |
_aCentralny Ośrodek Informacji Budownictwa _4pbl. |
|
| 856 |
_uhttp://koha.tu.koszalin.pl/cgi-bin/koha/opac-detail.pl?biblionumber=13703 _yKatalog online BPK |
||
| 942 |
_2UKD _cKS |
||
| 999 |
_c13703 _d13703 |
||